1903 1532 1707 1438 1985 1204 1938 1450 1916 1414 1217 1625 1238 1053 1363 1286 1754 1262 1976 1090 1973 1896 1468 1574 1425 1945 1707 1149 1987 1400 1630 1616 1504 1844 1580 1439 1227 1462 1681 1079 1023 1748 1592 1676 1098 1929 1763 1112 1424 1747 1890 1556 1521 1813 1052 1307 1915 1807 1951 1086 1558 1779 1560 1588 1848 1988 1520 1855 1561 1243 1559 1690 1605 1982 1980 1606 1082 1858 1277 1627 1780 1863 1158 1342 1385 1332 1136 1418 1519 1297 1467 1034 1289 1192 1338 1691 1434 1418 1271 BCNSPRNW ULIB Ver.6.0+V

เปลี่ยนเป็นภาษาไทย

Change to English
 แสดงรายละเอียดบรรณานุกรม
  กลับหน้าหลัก

Brief Record : Get Marc (ISO 2709) : E-mail record : QR code < ปิดหน้าต่าง
LEADER : 00000nam 2200000uu 4500
001    13399124240
003     ULIB
008    020711s2549 th a 000 0 tha d
020    9747074982
020    9789747074987
090    นว.^bว163อ
100    วนวรรณ
245    อยู่ตรงนี้อยู่ในหัวใจเธอ/^cวนวรรณ
250    พิมพ์ครั้งที่ 1
260    กรุงเทพฯ :^bอรุณ,^c2549
300    624 หน้า;^b18.5 ซม.
945    ^p415^l0^i019671
999    ^aทศพร
รายการนี้ยังไม่มีแท็ก
คุณยังไม่ได้ล็อกอิน คุณสามารถมีกิจกรรมร่วมกับเว็บไซต์ได้ แต่ต้องล็อกอินก่อน ::
  ล็อกอิน

รายการสื่อสารสนเทศ

ลำดับที่ ประเภท เลขเรียก/บาร์โค้ด สถานที่ สถานะ
1. นวนิยาย
นวนิยาย
นว. ว163อ ฉ.1 
  Barcode: 019671
ห้องสมุดวิทยาเขตสวรรค์ประชารักษ์
►นวนิยาย
บนชั้น
  ขอยืม

รายการใกล้เคียง
    ผู้แต่ง [วนวรรณ]

BibComment


ยังไม่เคยถูกคอมเมนท์

คอมเมนท์ทรัพยากรรายการนี้
  คอมเมนท์: อยู่ตรงนี้อยู่ในห..


 Copyright 2026. Bcnsprnw @Library